Hospodářský a spojový zeměpis 1

Na minha lista:
Detalhes bibliográficos
Autor principal: Pech, Jiří
Formato: Livro
Idioma:tcheco
Publicado em: Praha Nakladatelství dopravy a spojů 1984
Tags: Adicionar Tag
Sem tags, seja o primeiro a adicionar uma tag!

MARC

LEADER 00000nam a2200000 4500
001 c106902
005 20041019155138.6
041 0 |a cze 
044 |a CZ 
245 1 0 |a Hospodářský a spojový zeměpis 1  |c Jiří Pech a kol. 
264 1 |a Praha  |b Nakladatelství dopravy a spojů  |c 1984 
300 |a 172 s. 
100 1 |a Pech, Jiří